| 000 | 00996nam a2200253Ia 4500 | ||
|---|---|---|---|
| 003 | GCL | ||
| 008 | 140319s9999 xx 000 0 ara d | ||
| 040 |
_aGCL / _cGCL |
||
| 082 | 0 | 4 |
_a909 _bس ح |
| 100 | 1 | _aسامى اليافى | |
| 245 | 1 | 0 |
_aالحضارة الانسانية: بين الشرق والغرب فى عشرة قرون ( 264 ق.م - 750 م ) / _cسامى اليافى |
| 300 | _a275 ص | ||
| 490 |
_aسلسلة حضارة البحر المتوسط _v0 |
||
| 650 | 0 | 4 | _aالحضارة العربية الاسلامية - المعارف البحرية |
| 650 | 0 | 4 | _aالتاريخ الاسلامى |
| 650 | 0 | 4 | _aالحضارة الاسلامية |
| 650 | 0 | 4 | _aالحضارة الرومانية |
| 650 | 0 | 4 | _aالعالم - تاريخ |
| 650 | 0 | 4 | _aالامبراطورية الرومانية - تاريخ |
| 650 | 0 | 4 | _aالعالم القديم - تاريخ |
| 650 | 0 | 4 | _aالمسيحية - تاريخ |
| 650 | 0 | 4 | _aالحضارة البيزنطية |
| 942 |
_2ddc _cBK |
||
| 999 |
_c49805 _d49805 |
||